Bioimpedance and bioelectricity basics / (Record no. 53988)

MARC details
000 -LEADER
fixed length control field 00554nam a22002175i 4500
001 - CONTROL NUMBER
control field 18096828
003 - CONTROL NUMBER IDENTIFIER
control field OSt
005 - DATE AND TIME OF LATEST TRANSACTION
control field 20160926042526.0
008 - FIXED-LENGTH DATA ELEMENTS--GENERAL INFORMATION
fixed length control field 140331s2014 mau 000 0 eng
010 ## - LIBRARY OF CONGRESS CONTROL NUMBER
LC control number 2014937052
020 ## - INTERNATIONAL STANDARD BOOK NUMBER
International Standard Book Number 9780124114708
040 ## - CATALOGING SOURCE
Original cataloging agency DLC
Language of cataloging eng
Description conventions rda
Transcribing agency DLC
042 ## - AUTHENTICATION CODE
Authentication code pcc
100 1# - MAIN ENTRY--PERSONAL NAME
Personal name Grimnes, Sverre.
245 10 - TITLE STATEMENT
Title Bioimpedance and bioelectricity basics /
Statement of responsibility, etc Sverre Grimnes.
263 ## - PROJECTED PUBLICATION DATE
Projected publication date 1409
300 ## - PHYSICAL DESCRIPTION
Extent pages cm
906 ## - LOCAL DATA ELEMENT F, LDF (RLIN)
a 0
b ibc
c orignew
d 2
e epcn
f 20
g y-gencatlg
942 ## - ADDED ENTRY ELEMENTS (KOHA)
Source of classification or shelving scheme Dewey Decimal Classification
Koha item type Books
Holdings
Withdrawn status Lost status Source of classification or shelving scheme Damaged status Not for loan Home library Current library Date acquired Total Checkouts Date last seen Price effective from Koha item type Public note
    Dewey Decimal Classification     Central Library, QUEST Campus, Larkano Central Library, QUEST Campus, Larkano 26/09/2016   26/09/2016 26/09/2016 Books L9078